[Event "ESP-ch U18"]
[Site "Salobrena"]
[Date "2022.08.05"]
[Round "7"]
[White "Ingunza Curro, Andres"]
[Black "Atipov Hadzhiev, Cristian"]
[Result "1-0"]
[WhiteElo "2370"]
[BlackElo "2029"]
[PlyCount "77"]
[EventDate "2022.08.01"]
[EventType "swiss"]
[EventRounds "9"]
[EventCountry "ESP"]
[SourceTitle "EXT 2023"]
[Source "ChessBase"]
[SourceDate "2022.10.05"]
[SourceVersion "1"]
[SourceVersionDate "2022.10.05"]
[SourceQuality "1"]

1. e4 c5 2. Nf3 g6 3. d4 Bg7 4. c4 Qa5+ 5. Nc3 Nc6 6. d5 Nd4 7. Bd2 Nxf3+ 8. Qxf3 d6 9. g3 Nf6 10. Bg2 0-0 11. 0-0 b5 12. cxb5 a6 13. b6 Qxb6 14. Rab1 Ng4 15. Kh1 a5 16. Qd1 f5 17. h3 Ne5 18. exf5 Rxf5 19. f4 Nc4 20. Re1 Nxd2 21. Qxd2 Rf7 22. Kh2 Qb4 23. a3 Qd4 24. Qc2 Rb8 25. Be4 Bf5 26. g4 Bxg4 27. hxg4 Rxf4 28. Bg2 Rxg4 29. Re4 Be5+ 30. Kh3 Rh4+ 31. Kxh4 g5+ 32. Kh5 Rxb2 33. Rxd4 Rxc2 34. Rg4 Rxc3 35. Rxg5+ Kf7 36. Rf5+ Bf6 37. Bf3 Rxa3 38. Bg4 Rd3 39. Kh6 1-0

[Event "ESP-ch U16"]
[Site "Salobrena"]
[Date "2020.08.10"]
[Round "2"]
[White "Atipov Hadzhiev, Cristian"]
[Black "Cesar Maestre, Eduardo"]
[Result "1-0"]
[WhiteElo "2001"]
[BlackElo "1449"]
[PlyCount "123"]
[EventDate "2020.08.10"]
[EventType "swiss"]
[EventRounds "9"]
[EventCountry "ESP"]
[SourceTitle "EXT 2021"]
[Source "ChessBase"]
[SourceDate "2020.10.23"]
[SourceVersion "1"]
[SourceVersionDate "2020.10.23"]
[SourceQuality "1"]

1. e4 d6 2. d4 g6 3. Nc3 Nf6 4. Bg5 Bg7 5. e5 dxe5 6. dxe5 Qxd1+ 7. Rxd1 Nh5 8. Nd5 Bxe5 9. Nf3 Bd6 10. Bxe7 Kd7 11. Bxd6 cxd6 12. g4 Ng7 13. Ne5+ dxe5 14. Nb6+ Kc6 15. Nxa8 e4 16. Bg2 f5 17. Rd3 Ne6 18. Rc3+ Kd7 19. 0-0 Rd8 20. Nc7 Nf4 21. Rd1+ Ke7 22. Rxd8 Kxd8 23. Bf1 a6 24. gxf5 Bxf5 25. a4 Nc6 26. Rxc6 bxc6 27. Nxa6 Nd5 28. c4 Nb6 29. a5 Na4 30. b4 Kc8 31. b5 Kb7 32. Nb4 Bd7 33. Kg2 cxb5 34. cxb5 Nc3 35. b6 Bb5 36. Bxb5 Nxb5 37. Kg3 Nd6 38. Kf4 Nc4 39. Kxe4 Nxa5 40. Nd5 Nc4 41. h4 Nxb6 42. Nxb6 Kxb6 43. Kf4 Kc6 44. Kg5 Kd5 45. Kh6 Ke5 46. Kxh7 Kf5 47. Kg7 Kg4 48. Kxg6 Kxh4 49. f4 Kg4 50. f5 Kh4 51. f6 Kg4 52. f7 Kh4 53. f8Q Kg4 54. Qf5+ Kg3 55. Qe4 Kh3 56. Qf4 Kg2 57. Qe3 Kh2 58. Qf3 Kg1 59. Qe2 Kh1 60. Kg5 Kg1 61. Kg4 Kh1 62. Kg3 1-0

[Event "Barcelona Sants op 21st"]
[Site "Barcelona"]
[Date "2019.08.23"]
[Round "1"]
[White "Atipov Hadzhiev, Cristian"]
[Black "Melia, Salome"]
[Result "0-1"]
[WhiteElo "2004"]
[BlackElo "2376"]
[PlyCount "128"]
[EventDate "2019.08.23"]
[EventType "swiss"]
[EventRounds "10"]
[EventCountry "ESP"]
[SourceTitle "EXT 2020"]
[Source "ChessBase"]
[SourceDate "2019.10.17"]
[SourceVersion "1"]
[SourceVersionDate "2019.10.17"]
[SourceQuality "1"]

1. e4 c5 2. Nf3 Nc6 3. d4 cxd4 4. Nxd4 g6 5. c4 Nf6 6. Nc3 Nxd4 7. Qxd4 d6 8. f3 Bg7 9. Qf2 0-0 10. Be2 Be6 11. Be3 Qa5 12. 0-0 Rfc8 13. Nd5 Bxd5 14. exd5 b5 15. b3 bxc4 16. bxc4 Nd7 17. Bd4 Bxd4 18. Qxd4 Qb6 19. Qxb6 Nxb6 20. Rfb1 Rc5 21. a4 Rac8 22. a5 Nxc4 23. Bxc4 Rxc4 24. Rb7 R4c7 25. Rab1 Kf8 26. a6 Ke8 27. Kf2 Kd7 28. Ke3 Rxb7 29. Rxb7+ Rc7 30. Rb8 e6 31. Kd4 exd5 32. Kxd5 Rc5+ 33. Kd4 Rc6 34. Rb7+ Rc7 35. Rb8 Kc6 36. h4 h5 37. g4 Re7 38. gxh5 gxh5 39. Ra8 f5 40. Rb8 f4 41. Rb3 Re1 42. Rb7 Ra1 43. Rxa7 Ra4+ 44. Kd3 Kd5 45. Ra8 Ra3+ 46. Ke2 Kd4 47. a7 Ra2+ 48. Kd1 d5 49. Kc1 Kd3 50. Kb1 Ra6 51. Kb2 d4 52. Kb3 Kd2 53. Kb4 d3 54. Kb5 Ra1 55. Kb6 Rb1+ 56. Kc5 Ra1 57. Kb6 Rb1+ 58. Kc5 Ra1 59. Kb6 Ke2 60. Re8+ Kxf3 61. a8Q+ Rxa8 62. Rxa8 d2 63. Rd8 Ke2 64. Re8+ Kd1 0-1

[Event "Navarra-ch"]
[Site "Pamplona"]
[Date "2017.04.08"]
[Round "4"]
[White "Atipov Hadzhiev, Cristian"]
[Black "Ochoa Aldaz, Mikel"]
[Result "1/2-1/2"]
[WhiteElo "1566"]
[BlackElo "1731"]
[PlyCount "76"]
[EventDate "2017.03.11"]
[EventType "swiss"]
[EventRounds "7"]
[EventCountry "ESP"]
[SourceTitle "EXT 2018"]
[Source "ChessBase"]
[SourceDate "2017.10.13"]
[SourceVersion "1"]
[SourceVersionDate "2017.10.13"]
[SourceQuality "1"]

1. d4 d5 2. Nf3 Nf6 3. e3 Bf5 4. Ne5 Nbd7 5. g4 Be4 6. f3 Bg6 7. h4 h6 8. Nxg6 fxg6 9. Bd3 Nb6 10. Bxg6+ Kd7 11. Nd2 c6 12. Nb3 e6 13. Qe2 Qc7 14. f4 Rd8 15. Bd2 Nc4 16. 0-0-0 a5 17. Bd3 Nxd2 18. Nxd2 a4 19. g5 Ne8 20. f5 e5 21. e4 Kc8 22. dxe5 Qxe5 23. exd5 Qxe2 24. Bxe2 Rxd5 25. Nc4 Rxd1+ 26. Rxd1 Bc5 27. Bg4 Kb8 28. gxh6 gxh6 29. Rd3 Nf6 30. Ne5 Re8 31. Nd7+ Nxd7 32. Rxd7 Re7 33. Rd8+ Kc7 34. Rg8 Bd4 35. Rg6 Rg7 36. h5 Rxg6 37. hxg6 Kd6 38. Kd2 Ke7 1/2-1/2

[Event "ESP-ch U12"]
[Site "Granada"]
[Date "2016.07.07"]
[Round "6"]
[White "Atipov Hadzhiev, Cristian"]
[Black "Duller Llopis, Jouke"]
[Result "1-0"]
[WhiteElo "1484"]
[BlackElo "1742"]
[PlyCount "67"]
[EventDate "2016.07.04"]
[EventType "swiss"]
[EventRounds "9"]
[EventCountry "ESP"]
[SourceTitle "EXT 2024"]
[Source "ChessBase"]
[SourceDate "2023.10.10"]
[SourceVersion "1"]
[SourceVersionDate "2023.10.10"]
[SourceQuality "1"]

1. e4 e6 2. b3 d5 3. Bb2 dxe4 4. Nc3 Nf6 5. Qe2 Be7 6. 0-0-0 b6 7. g4 Bb7 8. Bg2 c6 9. Nxe4 Nbd7 10. f4 Nxe4 11. Bxe4 Bf6 12. d4 Qc7 13. Nh3 0-0-0 14. Rhf1 g6 15. Kb1 h6 16. f5 exf5 17. gxf5 g5 18. Qf3 Nb8 19. Rf2 h5 20. Qg2 g4 21. Ng1 Rhe8 22. c4 Bh4 23. Rfd2 Qf4 24. Bc2 Re3 25. Rf2 Bxf2 26. Bc1 g3 27. Bxe3 Qxe3 28. f6 Bxg1 29. Rxg1 Qg5 30. Qh3+ Qg4 31. Bf5+ Kc7 32. Bxg4 gxh2 33. Qxh2+ Rd6 34. c5 1-0

[Event "ESP-ch U12"]
[Site "Granada"]
[Date "2016.07.06"]
[Round "5"]
[White "Ingunza Curro, Andres"]
[Black "Atipov Hadzhiev, Cristian"]
[Result "1/2-1/2"]
[WhiteElo "1740"]
[BlackElo "1484"]
[PlyCount "127"]
[EventDate "2016.07.04"]
[EventType "swiss"]
[EventRounds "9"]
[EventCountry "ESP"]
[SourceTitle "EXT 2024"]
[Source "ChessBase"]
[SourceDate "2023.10.10"]
[SourceVersion "1"]
[SourceVersionDate "2023.10.10"]
[SourceQuality "1"]

1. e4 c5 2. Nc3 a6 3. f4 b5 4. Nf3 Bb7 5. d3 e6 6. g3 d5 7. Bg2 Nf6 8. e5 Ng4 9. h3 Nh6 10. 0-0 Be7 11. Ne2 0-0 12. d4 Nc6 13. g4 cxd4 14. Nexd4 Bc5 15. c3 Qb6 16. Kh1 Nxd4 17. cxd4 Be7 18. f5 exf5 19. g5 f4 20. gxh6 Qxh6 21. Qd2 g5 22. Kg1 Bc8 23. Nh2 Bxh3 24. Bxh3 Qxh3 25. Qg2 Qxg2+ 26. Kxg2 f6 27. Ng4 fxe5 28. Nxe5 Bf6 29. Nd7 Rf7 30. Nxf6+ Rxf6 31. Bd2 Rc8 32. Bc3 g4 33. Rae1 h5 34. Re5 f3+ 35. Kf2 Rh6 36. Rxd5 b4 37. Bd2 Rc2 38. Ke3 Re6+ 39. Re5 Kf7 40. Rxe6 Kxe6 41. Bxb4 Rxb2 42. a3 Re2+ 43. Kf4 Kd5 44. Bc5 Rg2 45. Ke3 h4 46. Rf2 h3 47. Rxg2 hxg2 48. Kf2 Ke4 49. Kg1 g3 50. Bd6 Kxd4 51. Bxg3 Ke3 52. Bf2+ Ke2 53. a4 a5 54. Bb6 Kd3 55. Bxa5 Kc4 56. Be1 Kc5 57. Bc3 Kc4 58. Bd2 Kc5 59. Kf2 Kc4 60. a5 Kb5 61. Bb4 Ka6 62. Bd2 Kb5 63. Ke3 f2 64. Ke4 1/2-1/2